Escola de Teixits de Canet de Mar : Formació i recerca: 1922-2022 / Formació i recerca: 1922-2022 /
ISBN:
9788419091970
Descripción Física:
229 pàgines : fotografies i il·lustracions en color ; 21 cm
Idioma:
Catalán
MARC
| LEADER | 00000nam a22000007a 4500 | ||
|---|---|---|---|
| 001 | 28609 | ||
| 003 | AGDB | ||
| 005 | 20260324181527.0 | ||
| 008 | 241007b spa||||| |||| 00| 0 cat d | ||
| 017 | |a B 6165-2024 | ||
| 020 | |a 9788419091970 | ||
| 040 | |a agdb |b cat | ||
| 100 | |a Figuerola Bernal, Òscar |9 20750 | ||
| 245 | |a Escola de Teixits de Canet de Mar : |b Formació i recerca: 1922-2022 / |c Òscar Figuerola Bernal | ||
| 250 | |a Primera edició | ||
| 260 | |a [Barcelona] : |b Diputació de Barcelona ; |c abril 2024 | ||
| 300 | |a 229 pàgines : |b fotografies i il·lustracions en color ; |c 21 cm | ||
| 504 | |a Conté bibliografia i fons documentals consultats. | ||
| 610 | 2 | 0 | |a Escola de Teixits de punt (Canet de Mar) |x Història |9 4113 |
| 942 | |2 udc |c ARXIU |n 1 | ||
| 952 | |0 0 |1 0 |4 0 |6 BIB1229 |7 1 |9 97453 |a Arxiu |b Arxiu |d 2024-10-07 |l 0 |o Bib-1229 |p 28609 |r 2024-10-07 00:00:00 |w 2024-10-07 |y ARXIU | ||
| 999 | |c 129327 |d 129327 | ||